Państwa na literę A (Countries starting with letter A in Polish) - Statystyki

Ogólne statystyki
  • Ten quiz został rozwiązany 6 625 razy
  • Średni wynik to 8 z 12
Statystyki odpowiedzi
Hint Odpowiedź % Poprawnych
Andora
81%
Australia
78%
Armenia
73%
Azerbejdżan
72%
Albania
71%
Argentyna
71%
Austria
71%
Afganistan
65%
Angola
62%
Algieria
60%
Arabia Saudyjska
54%
Antigua i Barbuda
40%
Nie znaleziono quizów pasujących do podanych kryteriów
Rozkład punktacji
Procent ludzi z każdym wynikiem
Percentyl według liczby udzielonych odpowiedzi
Twoja historia wyników
Nie rozwiązałeś tego quizu